Statistics for Historical Timeline of Denmark

Click here to take the quiz!

General Stats

  • This quiz has been taken 64 times
  • The average score is 6 of 7

Answer Stats

YearHintAnswer% Correct
965 | 1814 | 1945Kingdom of D______Kingdom of Denmark
100%
1524D______-N_____Denmark-Norway
85%
1397K_____ UnionKalmar Union
83%
793V______Vikings
81%
1940G______Germany
75%

Score Distribution

Percentile by Number Answered

Percent of People with Each Score

Your Score History

You have not taken this quiz